Environmental pollution control engineering (Record no. 758789)

MARC details
000 -LEADER
fixed length control field 00402nam a2200157 4500
020 ## - INTERNATIONAL STANDARD BOOK NUMBER
ISBN 9788122472288
082 ## - DEWEY DECIMAL CLASSIFICATION NUMBER
Classification number 628.5
Item number RAO.E
084 ## - OTHER CLASSIFICATION NUMBER
Source of Number Colon Classification
100 ## - MAIN ENTRY--AUTHOR NAME
Personal name Rao, C S
245 ## - TITLE STATEMENT
Title Environmental pollution control engineering
250 ## - EDITION STATEMENT
Edition statement 4th ed.
260 ## - PUBLICATION, DISTRIBUTION, ETC. (IMPRINT)
Place of publication New Delhi:
Name of publisher New age international;
Year of publication 2022.
300 ## - PHYSICAL DESCRIPTION
Number of Pages 432p.
942 ## - ADDED ENTRY ELEMENTS (KOHA)
Source of classification or shelving scheme Dewey Decimal Classification
Koha item type Book
Holdings
Withdrawn status Lost status Source of classification or shelving scheme Damaged status Not for loan Collection code Home Library Current Location Shelving location Date acquired Cost, normal purchase price Full call number Accession Number Price effective from Koha item type
    Dewey Decimal Classification     Non-fiction Campus Library Kariavattom Campus Library Kariavattom General Stacks 21/04/2026 475.00 628.5 RAO.E UCL35770 21/04/2026 Book